000 00403nam a22001697a 4500
003 MPLRDC
005 20220104143739.0
008 210129b ||||| |||| 00| 0 eng d
082 _a848.3 CL v.25 c.3
100 _a蔡澜
245 _a不修边幅
_c
250 _a五版
260 _a
_b天地图书有限公司
_c1998
300 _b
650 _a现代别集
942 _cBK
_o848.3 CL v.25 c.3
999 _c42942
_d42932